Wappen Champions League Teams 2025/26 - Statistiken

Allgemein
  • Dieses Quiz wurde 163 mal gespielt
  • Das Durchschnittsergebnis liegt bei 30 aus 36
Antwortstatistiken
Bildquiz Antwort % Korrekt
Eintracht Frankfurt
100%
Bayern München
99%
Real Madrid
99%
Juventus Turin
98%
Borussia Dortmund
96%
FC Barcelona
96%
Atletico Madrid
94%
PSV Eindhoven
93%
Bayer Leverkusen
91%
FC Arsenal
91%
Paris Saint-Germain
91%
AS Monaco
90%
Newcastle United
90%
Inter Mailand
89%
Sporting Lissabon
89%
FC Chelsea
88%
FC Liverpool
88%
Manchester City
88%
Olympique Marseille
88%
Tottenham Hotspur
87%
Athletic Bilbao
86%
Benfica Lissabon
86%
Galatasaray SK
86%
SSC Neapel
86%
Atalanta Bergamo
85%
Club Brügge
84%
FC Kopenhagen
83%
Ajax Amsterdam
81%
FC Villareal
79%
Olympiakos Piräus
78%
FK Bodö/Glimt
71%
FC Pafos
61%
Qarabag Agdam
56%
Slavia Prag
56%
Union Saint-Gilloise
54%
Qairat Almaty
47%
Keine übereinstimmenden Quizze gefunden
Verteilung der Resultate
Anzahl Personen mit jedem Resultat
Perzentil nach korrekt beantworteten Fragen
Ihre Resultats-Entwicklung
Sie haben dieses Quiz noch nicht gespielt